[Event "EST ch U14 2019"]
[Site "Tallinn"]
[Date "2019.04.20"]
[Round "3.9"]
[White "Krivenko, Dion"]
[Black "Levchenko, Marina"]
[Result "0-1"]
[WhiteElo "1779"]
[BlackElo "1616"]
[Annotator "Dell"]
[PlyCount "92"]
[EventDate "2019.04.18"]
[EventType "swiss"]
[EventRounds "4"]
[EventCountry "EST"]

1. e4 c5 2. Nf3 d6 3. d4 cxd4 4. Qxd4 Nc6 5. Bb5 Bd7 6. Bxc6 Bxc6 7. Nc3 Nf6 8.
Bg5 e6 9. O-O-O Be7 10. Rhe1 Qc7 11. e5 dxe5 12. Qh4 Nd5 13. Nxd5 Bxd5 14. Bxe7
Qxe7 15. Qxe7+ Kxe7 16. Rxe5 Bxf3 17. gxf3 Rhd8 18. Rde1 Rd6 19. f4 f6 20. R5e3
Kf7 21. f5 Re8 22. Rh3 h6 23. Rhe3 g6 24. fxg6+ Kxg6 25. Rg1+ Kh7 26. Reg3 Re7
27. Rg8 Rdd7 28. Ra8 a6 29. Rf8 Rf7 30. Rxf7+ Rxf7 31. Kd2 Rg7 32. Rg3 (32.
Rxg7+ Kxg7 33. Ke3 Kg6 34. Ke4 $18) 32... Rxg3 33. hxg3 Kg6 34. c4 Kf5 35. Ke3
Ke5 36. f4+ Kf5 37. b4 b5 $4 (37... e5 38. fxe5 Kxe5 $11 (38... fxe5 $4 39. a4
e4 40. a5 Ke5 41. b5 h5 42. c5 $1 $18) 39. Kd3 f5 40. Ke3 b6 41. a4 a5 42. bxa5
(42. c5 axb4 43. cxb6 Kd6 44. a5 Kc6 45. Kd3 h5 46. Kc2 $3 (46. Kc4 $4 h4 47.
gxh4 f4 48. h5 f3 49. Kd3 b3 50. h6 f2 51. Ke2 f1=Q+ 52. Kxf1 b2 53. h7 b1=Q+)
(46. Kd2 $4 b3 $1 47. Kc3 h4 48. gxh4 f4 49. h5 f3 50. h6 f2 51. h7 f1=Q 52.
h8=Q Qa1+ 53. Kxb3 Qxh8 $19) 46... h4 47. gxh4 f4 48. h5 f3 49. h6 f2 50. h7
f1=Q 51. h8=Q Qe2+ 52. Kb3 Qd3+ 53. Kxb4 Qb5+ 54. Kc3 Qxa5+ $11) 42... bxa5 43.
c5 Kd5 44. Kf4 Kxc5 45. Kxf5 Kb4 46. Kg6 Kxa4 47. Kxh6 $11) 38. c5 e5 39. c6 (
39. fxe5 Kxe5 40. Kf3 Kf5 41. c6 Ke6 42. Kf4 Kd6 43. Kf5 Kxc6 44. Kxf6 Kd5 45.
Kg6 Ke4 46. Kxh6 Kf3 {[#]} 47. Kh5 $3 (47. Kg5 Kxg3 48. Kf5 Kf3 49. Ke5 Ke3 50.
Kd5 Kd3 51. Kc5 Kc3 $11) 47... Kxg3 48. Kg5 Kf2 {[#]} (48... Kf3 49. Kf5 Ke3
50. Ke5 Kd3 51. Kd5 Kc2 (51... Kc3 52. Kc5) 52. Kc6 Kc3 53. Kc5) 49. Kf6 $3 Kf3
(49... Ke1 50. Ke5 Kd1 51. Kd5 Kc2 52. Kc6 Kc3 53. Kc5 $18) 50. Kf5 Ke2 (50...
Kf2 51. Ke6) 51. Ke6 Ke3 52. Ke5 Kd2 53. Kd6 Kd3 54. Kd5 Kc2 55. Kc6 Kc3 56.
Kc5) 39... exf4+ 40. gxf4 (40. Kf3 $3 $18 Ke6 41. Kxf4 Kd6 42. Kf5 Kxc6 43.
Kxf6) 40... Ke6 41. c7 Kd7 42. c8=Q+ Kxc8 43. Kf3 Kd7 44. Kg4 Ke6 45. Kh5 Kf5
46. Kxh6 Kxf4 0-1

[Event "EST ch U14 2019"]
[Site "Tallinn"]
[Date "2019.04.19"]
[Round "3.11"]
[White "Kokk, Karl Mattias"]
[Black "Köösel, Hans-Georg"]
[Result "1-0"]
[WhiteElo "1684"]
[BlackElo "1515"]
[PlyCount "81"]
[EventDate "2019.04.18"]
[EventType "swiss"]
[EventRounds "4"]
[EventCountry "EST"]

1. e4 c5 2. Nf3 Nc6 3. d4 cxd4 4. Nxd4 e5 5. Nb5 d6 6. N1c3 a6 7. Na3 Nf6 8.
Bg5 Be7 9. Bxf6 Bxf6 10. Nd5 O-O 11. Be2 Bg5 12. O-O Kh8 13. Nc4 b5 14. Nce3
Bxe3 15. Nxe3 Be6 16. c3 Qc7 17. Bg4 Bxg4 18. Qxg4 Ne7 19. f4 Qc5 20. Rae1 Ng6
21. f5 Nf4 22. Qf3 Nd3 23. Re2 Qb6 24. f6 Rg8 25. Kh1 Nf4 26. Rd2 Ne6 27. Nd5
Qc6 28. Ne7 Qd7 29. Nxg8 Rxg8 30. fxg7+ Rxg7 31. Rfd1 Qe7 32. Rxd6 h6 33. Rd7
Qe8 34. Qf6 Kh7 35. Qxe5 Qg8 36. g3 Ng5 37. Qf5+ Rg6 38. h4 Ne6 39. h5 Nf8 40.
Rxf7+ Kh8 41. Rxf8 1-0

[Event "EST ch U14 2019"]
[Site "Tallinn"]
[Date "2019.04.19"]
[Round "3.12"]
[White "Luik, Ott-Robert"]
[Black "Naestema, Joonas Aditya"]
[Result "1-0"]
[WhiteElo "1521"]
[BlackElo "1684"]
[PlyCount "89"]
[EventDate "2019.04.18"]
[EventType "swiss"]
[EventRounds "4"]
[EventCountry "EST"]

1. e4 d5 2. exd5 Nf6 3. Nc3 Nxd5 4. Bc4 Nb6 5. Be2 g6 6. Nf3 Bg7 7. O-O O-O 8.
d3 Nc6 9. Be3 Bf5 10. Qd2 Re8 11. Bh6 e5 12. Bxg7 Kxg7 13. Rfd1 Qd7 14. Nh4 Bg4
15. Bxg4 Qxg4 16. Nf3 Rad8 17. Re1 Nd5 18. Re4 Nf4 19. g3 Qxf3 20. gxf4 Qg4+
21. Kh1 Qf3+ 22. Kg1 Qg4+ 23. Kh1 Qf3+ 24. Kg1 Qh3 25. Rae1 Nd4 26. R1e3 Nf3+
27. Rxf3 Qxf3 28. fxe5 c5 29. Rh4 h5 30. Qg5 Rd4 31. Ne4 Qf5 32. Rxh5 Qxg5+ 33.
Rxg5 Kh6 34. h4 c4 35. Nd6 cxd3 36. cxd3 Rxh4 37. Nxf7+ Kg7 38. Nd6 Kh6 39. Rg3
Re6 40. Re3 Kg7 41. Nxb7 Rh5 42. d4 Rh4 43. Nc5 Re8 44. Rd3 Rd8 45. Ne6+ 1-0

[Event "EST ch U14 2019"]
[Site "Tallinn"]
[Date "2019.04.19"]
[Round "3.13"]
[White "Padari, Tuudur Jakob"]
[Black "Narva, Jaan Oskar"]
[Result "1-0"]
[WhiteElo "1560"]
[BlackElo "1396"]
[PlyCount "81"]
[EventDate "2019.04.18"]
[EventType "swiss"]
[EventRounds "4"]
[EventCountry "EST"]

1. d4 d5 2. c4 e6 3. e3 Nf6 4. Nf3 Nbd7 5. Be2 Be7 6. O-O O-O 7. Nbd2 b6 8. b3
c5 9. Bb2 Bb7 10. Rc1 Rc8 11. Qc2 a6 12. Qb1 Bc6 13. Bd3 b5 14. dxc5 Nxc5 15.
Bxf6 Bxf6 16. Bxh7+ Kh8 17. cxd5 Bxd5 18. Bc2 g6 19. Rfd1 Qe7 20. Ne4 Nxe4 21.
Bxe4 Rxc1 22. Rxc1 Bxe4 23. Qxe4 Kg7 24. Qc6 Qa3 25. Qc2 Rh8 26. h3 Qb4 27. Qc5
Qa5 28. Rc2 Rh5 29. Qc7 Qb4 30. Qb7 a5 31. Rc7 Qf8 32. Qa7 b4 33. Nd4 Qe8 34.
Nc6 Rd5 35. e4 Rd1+ 36. Kh2 Rd6 37. e5 Rxc6 38. exf6+ Kg8 39. Rxc6 Qxc6 40.
Qb8+ Kh7 41. Qf8 1-0

[Event "EST ch U14 2019"]
[Site "Tallinn"]
[Date "2019.04.19"]
[Round "3.14"]
[White "Pallum, Rasmus"]
[Black "Lazojev, Mark"]
[Result "1/2-1/2"]
[WhiteElo "1394"]
[BlackElo "1518"]
[PlyCount "94"]
[EventDate "2019.04.18"]
[EventType "swiss"]
[EventRounds "4"]
[EventCountry "EST"]

1. d4 d5 2. Nf3 Nc6 3. e3 Bg4 4. Be2 e6 5. O-O Bd6 6. b3 Nf6 7. Bb2 O-O 8. Nbd2
Re8 9. c4 Bb4 10. Rc1 Bxd2 11. Nxd2 Bxe2 12. Qxe2 Qe7 13. cxd5 exd5 14. a3 Ne4
15. Nxe4 Qxe4 16. Qb5 Rab8 17. Rfe1 a6 18. Qc5 Re7 19. b4 Rbe8 20. Qc2 Qe6 21.
Qd3 f5 22. Rc2 Qe4 23. Qxe4 Rxe4 24. Rc5 f4 25. Rxd5 fxe3 26. Rxe3 Rxe3 27.
fxe3 Rxe3 28. Kf2 Rb3 29. Bc1 Rc3 30. Rc5 Rd3 31. Rc4 Rxd4 32. Rxd4 Nxd4 33.
Bf4 Ne6 34. Be5 Kf7 35. Ke3 g6 36. h3 Ke7 37. g3 c6 38. Kd3 Ng5 39. h4 Nf3 40.
Bf4 Ne1+ 41. Kd2 Ng2 42. Bb8 h5 43. Ke2 g5 44. Kf2 Nxh4 45. gxh4 gxh4 46. Kg2
Kf6 47. Kh3 Ke6 1/2-1/2

[Event "EST ch U14 2019"]
[Site "Tallinn"]
[Date "2019.04.19"]
[Round "3.15"]
[White "Dukov, Vladimir"]
[Black "Sizov, Lev"]
[Result "0-1"]
[WhiteElo "1576"]
[BlackElo "1687"]
[PlyCount "98"]
[EventDate "2019.04.18"]
[EventType "swiss"]
[EventRounds "4"]
[EventCountry "EST"]

1. e4 c5 2. Nf3 d6 3. d4 cxd4 4. Nxd4 g6 5. c4 Bg7 6. Be2 Nc6 7. Be3 Nf6 8. Nc3
O-O 9. O-O Qc7 10. f4 a6 11. Rc1 Qb6 12. Qd2 Nxe4 13. Nxe4 Bxd4 14. Bxd4 Nxd4
15. c5 Nxe2+ 16. Qxe2 dxc5 17. Nxc5 Re8 18. Kh1 Qd6 19. Ne4 Qe6 20. Qf3 Qxa2
21. Rfe1 Bd7 22. Nc3 Qxb2 23. Rb1 Qa3 24. Rxb7 Rac8 25. Rxd7 Qxc3 26. Qxc3 Rxc3
27. h3 e6 28. Ra1 Ra8 29. Rb1 Rc4 30. Rf1 a5 31. g4 Rc3 32. Rb1 a4 33. Rbb7 Rf8
34. Rd2 Rxh3+ 35. Kg2 Rc3 36. Ra7 Rc4 37. Kf3 Rb8 38. g5 Rc3+ 39. Ke4 a3 40.
Rdd7 Rb4+ 41. Ke5 Rc5+ 42. Kf6 Rxf4+ 43. Ke7 Rxg5 44. Ke8 Rgf5 45. Rxa3 h5 46.
Ra8 Kg7 47. Ke7 h4 48. Rdd8 Kh6 49. Rf8 Kg5 0-1

[Event "EST ch U14 2019"]
[Site "Tallinn"]
[Date "2019.04.19"]
[Round "3.17"]
[White "Aleksejev, Artjom"]
[Black "Provodin, Aleksandr"]
[Result "1-0"]
[WhiteElo "1484"]
[BlackElo "1360"]
[PlyCount "49"]
[EventDate "2019.04.18"]
[EventType "swiss"]
[EventRounds "4"]
[EventCountry "EST"]

1. e4 c5 2. Nf3 e6 3. d4 cxd4 4. Nxd4 a6 5. Nc3 Qc7 6. f4 d6 7. Bd3 Nf6 8. O-O
Qc5 9. Kh1 Qxd4 10. Bb5+ axb5 11. Qxd4 Nc6 12. Qb6 b4 13. Nb5 Rb8 14. Rd1 Nxe4
15. Na7 d5 16. Nxc6 Bc5 17. Qc7 Nf2+ 18. Kg1 Nxd1+ 19. Kf1 bxc6 20. Qxb8 Kd7
21. Ke1 Ne3 22. Bxe3 Bxe3 23. Qxb4 Bxf4 24. Qxf4 f5 25. Qd4 1-0

[Event "EST ch U14 2019"]
[Site "Tallinn"]
[Date "2019.04.19"]
[Round "3.18"]
[White "Rajandu, Aaron"]
[Black "Kang, Paul"]
[Result "0-1"]
[WhiteElo "1274"]
[BlackElo "1471"]
[PlyCount "54"]
[EventDate "2019.04.18"]
[EventType "swiss"]
[EventRounds "4"]
[EventCountry "EST"]

1. e4 e6 2. d4 d5 3. e5 c5 4. dxc5 Bxc5 5. Qe2 Nc6 6. c3 Nge7 7. Nf3 Ng6 8. Be3
Be7 9. Qd2 Ncxe5 10. Nxe5 Nxe5 11. Qd4 Bf6 12. Qf4 O-O 13. Qa4 Bd7 14. Qb3 Bc6
15. Nd2 Qd7 16. Qc2 b6 17. Bd3 h6 18. Nf3 Rac8 19. Nxe5 Bxe5 20. Qd2 Rfd8 21.
O-O-O d4 22. Bxh6 dxc3 23. bxc3 Bxc3 24. Qxc3 Ba4 25. Bh7+ Kxh7 26. Rxd7 Rxc3+
27. Kb2 Rc2+ 0-1

[Event "EST ch U14 2019"]
[Site "Tallinn"]
[Date "2019.04.20"]
[Round "4.1"]
[White "Nikitin, Arseni"]
[Black "Andrijashkin, Deniss"]
[Result "0-1"]
[WhiteElo "1873"]
[BlackElo "1957"]
[Annotator "Dell"]
[PlyCount "128"]
[EventDate "2019.04.18"]
[EventType "swiss"]
[EventRounds "4"]
[EventCountry "EST"]

1. e4 g6 2. d4 Bg7 3. c4 d6 4. Nc3 Nc6 5. Be3 e5 6. d5 Nce7 (6... Nd4 7. Nge2
Nxe2 8. Bxe2 f5 9. f3 Bh6 10. Bxh6 Nxh6 11. h4 fxe4 12. Nxe4 Nf5 13. Qd2 Nxh4
14. Qh6 Nf5 15. Qxg6+ hxg6 16. Rxh8+ Ke7 17. Rxd8 Kxd8 18. Kd2 b5 19. Rh1 bxc4
20. Rh8+ Ke7 21. Rh7+ Kd8 22. Bxc4 a5 23. Ng5 Rb8 24. b3 Rb6 25. a4 Bd7 26.
Rh8+ Ke7 27. Ra8 Nd4 28. Kc3 c6 29. Rxa5 cxd5 30. Bxd5 Ne2+ 31. Kb2 Nf4 32. Ka3
Nxg2 33. Ra7 Nf4 34. Bc4 Ke8 35. a5 Rb8 36. a6 d5 37. Rb7 Rd8 38. Nh7 Bc6 39.
Nf6+ Kf8 40. Rc7 Ba8 41. Bb5 Ne6 42. Ra7 Nd4 43. Ba4 e4 44. fxe4 dxe4 45. Nd7+
Kg8 46. Nb6 e3 47. Re7 e2 48. b4 Rd6 49. Rxe2 Nxe2 50. Nxa8 Rxa6 51. Nc7 Ra7
52. Nd5 Nd4 53. Nc3 g5 54. Ne4 Re7 55. Nxg5 Re5 56. b5 Rxg5 57. Kb4 Ne6 58. b6
Nd8 59. Bc2 Kf7 60. Bd3 Nc6+ 61. Ka4 Ra5+ 62. Kb3 Ke7 63. Kc4 Kd6 64. Be4 Ra4+
65. Kb5 Rb4+ 66. Ka6 Rxe4 67. b7 Rb4 {0-1 (67) Fier,A (2607)-Jones,G (2625)
Auckland 2016}) 7. Be2 (7. g4 f5 8. gxf5 gxf5 9. Qh5+ Kf8 10. exf5 (10. Bh3 Nf6
11. Qf3 Ng6 12. Bg5 h6 13. Bxf6 Qxf6 14. exf5 Nh4 15. Qd3 Nxf5 16. Ne4 Qh4 17.
Ne2 Qh5 18. Rg1 Rg8 19. Bg4 Qf7 20. O-O-O h5 21. Bh3 Bh6+ 22. Kb1 $16 {1-0 
(112) Sjugirov,S (2641)-Onischuk,V (2591) Khanty-Mansiysk 2013}) 10... Nf6 11.
Qe2 Nxf5 12. Nf3 a6 13. Bh3 Nxe3 14. fxe3 Bxh3 15. O-O-O Bg4 16. Rhg1 Qd7 17.
Rdf1 Rg8 18. Nxe5 dxe5 19. Rxg4 Bh8 20. Rh4 Rg6 21. Ne4 Kg8 22. Nc5 Qe7 23. Ne6
Nxd5 24. Qf3 Nxe3 25. Rxh7 Qxe6 {0-1 (25) Korobov,A (2652)-Mamedov,R (2709)
Huaian 2017}) 7... f5 8. f3 Bh6 9. Bxh6 Nxh6 10. Qd2 Nf7 11. O-O-O (11. Nh3
fxe4 12. fxe4 Bxh3 13. gxh3 Ng8 14. O-O-O a6 15. Bg4 Qg5 16. Qxg5 Nxg5 17. h4
Nf7 18. Rhf1 Ke7 19. Be6 Nfh6 20. Rf3 Nf6 21. Rdf1 Rhf8 22. h3 Nd7 23. Bxd7
Rxf3 24. Rxf3 Kxd7 25. h5 Ke7 26. hxg6 hxg6 27. Ne2 Rh8 28. Kd2 Nf7 29. Rg3 Kf6
30. Ke3 Ng5 31. Ng1 Rh4 32. Rg4 Rh5 33. h4 Nf7 34. Nf3 Rh8 35. Ng5 Nxg5 36.
hxg5+ Ke7 37. Kd3 Rh2 38. Kc3 a5 39. a4 c6 40. b3 Rh3+ 41. Kc2 Kd7 42. Kb2 Kc7
43. dxc6 bxc6 44. Rg2 {0-1 (44) Tereshechkina,M (2064)-Chigaev,M (2551) Sochi
2016}) 11... O-O 12. Nh3 h6 (12... c6 $5 13. Ng5 cxd5 14. cxd5 $11) 13. Nf2 Kh7
14. h4 c6 15. g3 a6 16. f4 {Lahing käib laial rindel.} cxd5 17. Nxd5 Nc6 $2 (
17... Nxd5 18. Qxd5 Qb6 19. Rhf1 $16) 18. h5 g5 19. exf5 Bxf5 20. g4 ({Siin
oli väga tugev} 20. Bd3 $1 {ja mustal puudub hea kaitse -} Bxd3 21. Qxd3+ Kh8
22. Qg6 $18 {[%cal Rd5f6]} Rg8 (22... Ne7 23. Qf6+ Kh7 24. Nxe7) 23. Qxf7)
20... Be6 21. Bd3+ (21. Qc2+ $1 Kh8 22. Qg6 Bxd5 23. cxd5 Ne7 24. Qf6+ Kg8 25.
fxg5 Nxg5 26. Qxh6 $18) 21... Kh8 22. fxe5 $2 Nfxe5 $13 23. Qe2 Bxd5 (23... Qa5
24. Kb1 Rae8 $36) 24. cxd5 Nb4 25. Bf5 $1 Nxa2+ 26. Kb1 Nb4 27. Rh3 {Mustal on
ettur, kuid valgel on tugev Of5 ja võimalused oma mäng luua.} Qb6 28. Ne4 a5
29. Qd2 Rg8 30. Qc3 ({Miks mitte c-liini mööda sisse tungida} 30. Rc1 $1 a4
31. Rhc3 Na6 (31... a3 $4 32. Rb3 $18) 32. Qe3 $1 Qxe3 33. Rxe3 Rgd8 34. Nxd6
Rxd6 (34... Nxg4 35. Re6 Ne5 36. Re1 $18) 35. Rxe5 $16) 30... Rg7 31. Re3 $4
Rc7 {Nüüd on liin hoopis musta käes} 32. Qd2 Rc2 33. Qd4 Qxd4 34. Rxd4 Rg2
35. Nc3 (35. Nxd6 $4 Rg1+) 35... Rg1+ 36. Nd1 Rf8 37. Kc1 Rf7 {[%cal Rf7c7]}
38. Rc3 $4 Na2+ 39. Kc2 Nxc3 40. Nxc3 Rg2+ 41. Kb3 $19 Nf3 42. Rd3 Nh4 43. Be6
Rff2 44. Ka4 Rxb2 45. Kxa5 b6+ 46. Ka4 Rgd2 47. Rxd2 Rxd2 48. Nb5 Ng2 49. Kb3
Nf4 50. Kc3 Rd1 51. Nd4 Nxe6 52. dxe6 Rxd4 $1 53. Kxd4 Kg8 54. Kd5 Kf8 55. Kxd6
Ke8 56. Ke5 b5 57. Kf6 b4 58. Kg6 b3 59. Kxh6 b2 60. Kxg5 b1=Q 61. Kh6 Ke7 62.
g5 Kxe6 63. g6 Kf6 64. g7 Kf7 0-1

[Event "EST ch U14 2019"]
[Site "Tallinn"]
[Date "2019.04.20"]
[Round "4.2"]
[White "Protassov, Vlad"]
[Black "Rikas, Artur"]
[Result "1/2-1/2"]
[WhiteElo "2036"]
[BlackElo "1665"]
[PlyCount "54"]
[EventDate "2019.04.18"]
[EventType "swiss"]
[EventRounds "4"]
[EventCountry "EST"]

1. d4 Nf6 2. c4 c5 3. d5 e6 4. Nc3 exd5 5. cxd5 d6 6. g3 g6 7. Bg2 Bg7 8. Nf3
O-O 9. O-O Re8 10. Bf4 Ne4 11. Nxe4 Rxe4 12. Nd2 Rxf4 13. gxf4 Bxb2 14. Rb1 Bg7
15. a4 Na6 16. Nc4 Nb4 17. Qd2 a5 18. e4 Bh6 19. Qe3 b6 20. Rfd1 Ba6 21. Bf1 b5
22. axb5 Bxb5 23. Qg3 Ba4 24. e5 Bxd1 25. Rxd1 a4 26. Na3 Bg7 27. Bc4 Qe7
1/2-1/2

[Event "EST ch U14 2019"]
[Site "Tallinn"]
[Date "2019.04.20"]
[Round "4.3"]
[White "Tomson, Mihkel"]
[Black "Snitsarenko, Igor"]
[Result "1-0"]
[WhiteElo "1974"]
[BlackElo "1748"]
[Annotator "Dell"]
[PlyCount "65"]
[EventDate "2019.04.18"]
[EventType "swiss"]
[EventRounds "4"]
[EventCountry "EST"]

1. e4 c5 2. d4 cxd4 3. c3 dxc3 4. Nxc3 Nc6 5. Nf3 e6 6. Bc4 Nge7 7. Bf4 Ng6 8.
Bg3 Be7 9. Nb5 Qa5+ 10. Nc3 O-O 11. O-O a6 12. Re1 b5 13. Bb3 Qb6 14. e5 Bb7
15. Ne4 Na5 16. Qd3 Nxb3 17. Qxb3 Bd5 18. Qd3 Rfc8 19. h4 Bb4 20. Nfd2 Qb7 21.
Rad1 Bxa2 22. b3 Qd5 23. Qf3 Rc2 (23... Nxe5 $19) 24. Nc4 Qb7 (24... Qc6 25.
Ncd6 Rf8 26. Re3 $13) 25. Nf6+ gxf6 26. Qxb7 Rf8 27. Ne3 Rb2 28. exf6 Bxe1 29.
Rxe1 Bxb3 30. h5 a5 31. hxg6 hxg6 32. Qxb5 a4 33. Qg5 1-0

[Event "EST ch U14 2019"]
[Site "Tallinn"]
[Date "2019.04.20"]
[Round "4.4"]
[White "Pedmanson, Herman"]
[Black "Rychagov, Nikita"]
[Result "1-0"]
[WhiteElo "1849"]
[BlackElo "1792"]
[Annotator "Dell"]
[PlyCount "81"]
[EventDate "2019.04.18"]
[EventType "swiss"]
[EventRounds "4"]
[EventCountry "EST"]

1. d4 d5 2. Nf3 Nf6 3. e3 c5 4. b3 Nc6 5. Bd3 Bg4 6. Bb2 e6 7. Nbd2 cxd4 8.
exd4 Bd6 9. Rc1 $6 (9. a3) 9... O-O 10. O-O $2 Nb4 11. h3 Nxd3 12. cxd3 Bh5 13.
Qe1 Nd7 14. Ne5 f6 15. Nef3 (15. Nec4 $1 dxc4 (15... Qe7 16. Nxd6 Qxd6 17. Nb1
$11) 16. Qxe6+ Bf7 17. Qxd6 cxd3 18. Qg3 $11) 15... Qe7 16. Qe3 Rae8 17. Rce1
h6 18. g4 Bg6 19. Nh4 Bh7 20. f4 f5 21. Ng2 Nf6 (21... fxg4 22. hxg4 Qf6) 22.
Qf3 Qf7 23. Nb1 fxg4 24. hxg4 Qg6 25. f5 Qxg4 26. fxe6 Qxf3 {Mustal on suur
ülekaal ja kena võidu toonuks taktikaline löök} (26... Bxd3 $3 27. Qxd3 Qh5
28. Rf4 (28. Nf4 Bxf4 29. Rxf4 Qg5+) (28. Re5 Bxe5 29. dxe5 Ng4) 28... Bxf4 29.
Nxf4 Qg4+ 30. Ng2 Ne4 $19 {[%cal Rf8f2]}) 27. Rxf3 Ng4 28. Rxf8+ Kxf8 29. Ba3
Bxa3 30. Nxa3 Bxd3 31. Nf4 Be4 32. Nb5 Ke7 (32... g5 $1) 33. Rxe4 $2 {Valgel
oli olemas lihtne ja tugev} (33. Rc1 $1 {Partiikäigu järel oli mustal
võimalik valge üritused tõrjuda.}) 33... dxe4 34. d5 Ne5 $2 (34... g5 35.
d6+ Kf6 36. Nd5+ Kxe6 37. Ndc7+ Kf7 38. Nxe8 Kxe8 39. Nxa7 Kd7 40. Nb5 h5 $19)
35. d6+ Kf6 $2 (35... Kd8 $1 36. Nc7 Rh8 37. Kf1) 36. Nc7 Rh8 37. Nfd5+ Kg6 38.
d7 Rb8 $2 {Valged etturid kipuvad lippu. Mustal oli siin veel etüüdiline
pääsetee} (38... Nc6 $2 39. Ne8 $18) (38... Nxd7 $3 39. exd7 Rd8 40. Ne6 Rxd7
41. Nf8+ Kf7 42. Nxd7 Ke6 {Kahvel kahele ratsule... mustale jääb ratsu eest
kaks etturit, mis annab neile väga häid viigišansse.} 43. Nc3 Kxd7 44. Nxe4
$14) 39. Ne7+ Kf6 40. Nc8 Nc6 41. e7 {Milline ilus seis!} 1-0

[Event "EST ch U14 2019"]
[Site "Tallinn"]
[Date "2019.04.20"]
[Round "4.5"]
[White "Mikko, Rondo"]
[Black "Levchenko, Marina"]
[Result "1/2-1/2"]
[WhiteElo "1863"]
[BlackElo "1616"]
[PlyCount "98"]
[EventDate "2019.04.18"]
[EventType "swiss"]
[EventRounds "4"]
[EventCountry "EST"]

1. Nf3 Nf6 2. g3 d5 3. Bg2 c5 4. c4 e6 5. O-O Be7 6. b3 O-O 7. Qc2 Nc6 8. d3
Qd7 9. Bb2 b6 10. Nbd2 Bb7 11. a3 Rac8 12. Rad1 Rfd8 13. e4 d4 14. h3 Ba8 15.
Nh2 Ne8 16. f4 f5 17. Rde1 Nc7 18. Qd1 Rf8 19. Rf2 Rf7 20. Nhf3 h6 21. h4 g6
22. Bc1 Kh7 23. exf5 exf5 24. Ne5 Nxe5 25. Rxe5 Bxg2 26. Kxg2 Bf6 27. Re1 Re8
28. Rxe8 Qxe8 29. Re2 Re7 30. Rxe7+ Qxe7 31. Nf3 Kg7 32. Qe1 Qxe1 33. Nxe1 h5
34. Nc2 a5 35. Bd2 Be7 36. b4 axb4 37. axb4 Na6 38. b5 Nb8 39. Na1 Nd7 40. Nc2
Nf6 41. Bc1 Ng4 42. Bb2 Bf6 43. Ba3 Kf7 44. Bc1 Ke7 45. Bd2 Kd7 46. Ne1 Nh6 47.
Nf3 Nf7 48. Ne1 Nh6 49. Kf3 Ng4 1/2-1/2

[Event "EST ch U14 2019"]
[Site "Tallinn"]
[Date "2019.04.20"]
[Round "4.6"]
[White "Sadekov, Maksim"]
[Black "Luik, Ott-Robert"]
[Result "1-0"]
[WhiteElo "1780"]
[BlackElo "1521"]
[PlyCount "121"]
[EventDate "2019.04.18"]
[EventType "swiss"]
[EventRounds "4"]
[EventCountry "EST"]

1. d4 d5 2. c4 e6 3. e3 Nf6 4. Nc3 Be7 5. a3 O-O 6. Nf3 b6 7. Be2 Bb7 8. O-O c5
9. dxc5 Bxc5 10. b4 Be7 11. cxd5 Nxd5 12. Nxd5 Bxd5 13. Bb2 Nc6 14. Rc1 Bf6 15.
Bxf6 Qxf6 16. Qa4 Ne5 17. Nxe5 Qxe5 18. Rfd1 Qg5 19. Bf1 h5 20. Qb5 Qg4 21. Rd4
Qg6 22. Qe2 Rfd8 23. Qd2 Rf8 24. Rc3 Rac8 25. Qc1 Rxc3 26. Qxc3 Qb1 27. Qc7 Qa1
28. Rd3 b5 29. Qc2 a6 30. Qd1 Qb2 31. Qd2 Qxd2 32. Rxd2 Rc8 33. Rd1 Rc3 34. Ra1
Bc4 35. g3 Bxf1 36. Kxf1 Rc4 37. Ke1 h4 38. Kd2 hxg3 39. hxg3 f5 40. Rc1 Rxc1
41. Kxc1 Kf8 42. Kd2 Ke7 43. f3 Kd6 44. Kc3 Kd5 45. Kd3 Ke5 46. Kc3 Kd5 47. Kd3
g6 48. e4+ Ke5 49. f4+ Kd6 50. Kd4 fxe4 51. Kxe4 Ke7 52. Ke5 Kf7 53. Kd6 Kf6
54. g4 Kf7 55. g5 e5 56. fxe5 Ke8 57. Ke6 a5 58. bxa5 b4 59. axb4 Kf8 60. Kd7
Kg8 61. e6 1-0

[Event "EST ch U14 2019"]
[Site "Tallinn"]
[Date "2019.04.20"]
[Round "4.7"]
[White "Snitsarenko, Ilja"]
[Black "Kokk, Karl Mattias"]
[Result "0-1"]
[WhiteElo "1290"]
[BlackElo "1684"]
[PlyCount "68"]
[EventDate "2019.04.18"]
[EventType "swiss"]
[EventRounds "4"]
[EventCountry "EST"]

1. e4 c5 2. Nf3 d6 3. d4 cxd4 4. Nxd4 Nf6 5. f3 g6 6. c4 Bg7 7. Nc3 Nc6 8. Be3
O-O 9. Be2 a6 10. a4 Qc7 11. O-O Bd7 12. Kh1 Rac8 13. f4 Qb8 14. Rb1 Na7 15. b3
b5 16. axb5 axb5 17. cxb5 Rxc3 18. Bg1 Nxb5 19. Nf3 Nxe4 20. Bxb5 Bxb5 21. Re1
Bd3 22. Rb2 Nc5 23. Re3 Bf5 24. Rxe7 Rxf3 25. gxf3 Bxb2 26. b4 Bf6 27. Re2 Qb7
28. Rg2 Nd3 29. Be3 Re8 30. Bd2 Nxb4 31. Qb3 Qd5 32. Qxb4 Qxf3 33. Qb5 Qd1+ 34.
Rg1 Be4# 0-1

[Event "EST ch U14 2019"]
[Site "Tallinn"]
[Date "2019.04.20"]
[Round "4.8"]
[White "Nazarov, Vladislav"]
[Black "Savinov, Matvei"]
[Result "0-1"]
[WhiteElo "1754"]
[BlackElo "1834"]
[PlyCount "42"]
[EventDate "2019.04.18"]
[EventType "swiss"]
[EventRounds "4"]
[EventCountry "EST"]

1. Nf3 Nf6 2. c4 g6 3. Nc3 Bg7 4. d4 O-O 5. e4 d6 6. Be2 Nbd7 7. O-O e5 8. Rb1
Re8 9. d5 Nc5 10. Qc2 Nfxe4 11. Nxe4 Nxe4 12. Ra1 f5 13. Be3 Nf6 14. a3 a5 15.
h3 f4 16. Bd2 e4 17. Nd4 e3 18. Be1 Nxd5 19. cxd5 Bxd4 20. fxe3 Bf5 21. Bd3
Rxe3 0-1

[Event "EST ch U14 2019"]
[Site "Tallinn"]
[Date "2019.04.20"]
[Round "4.9"]
[White "Pedmanson, Albert"]
[Black "Padari, Tuudur Jakob"]
[Result "1-0"]
[WhiteElo "1956"]
[BlackElo "1560"]
[PlyCount "101"]
[EventDate "2019.04.18"]
[EventType "swiss"]
[EventRounds "4"]
[EventCountry "EST"]

1. e4 e5 2. Nf3 Nf6 3. Nc3 Nc6 4. d4 exd4 5. Nxd4 Bb4 6. Nxc6 bxc6 7. Bd2 O-O
8. Bd3 d6 9. O-O Re8 10. Re1 Bg4 11. f3 Bc5+ 12. Be3 Bxe3+ 13. Rxe3 Bd7 14. Qd2
Rb8 15. b3 Be6 16. Rd1 d5 17. exd5 cxd5 18. Bb5 Re7 19. Bc6 Rb6 20. Nxd5 Nxd5
21. Bxd5 Rd6 22. Rd3 h6 23. Bxe6 Rexe6 24. Qc3 Kf8 25. Rxd6 Rxd6 26. Qb4 Ke7
27. Rxd6 Qxd6 28. Qxd6+ Kxd6 29. Kf2 Kc5 30. c3 a5 31. Ke3 Kd5 32. Kd3 c5 33.
c4+ Ke5 34. g3 f5 35. a3 g5 36. Kc3 h5 37. b4 axb4+ 38. axb4 cxb4+ 39. Kxb4 f4
40. gxf4+ Kxf4 41. c5 Kxf3 42. c6 Kg2 43. c7 Kxh2 44. c8=Q h4 45. Qg4 h3 46.
Kc3 Kh1 47. Qxh3+ Kg1 48. Kd3 Kf2 49. Qg4 Kf1 50. Ke3 Ke1 51. Qg1# 1-0

[Event "EST ch U14 2019"]
[Site "Tallinn"]
[Date "2019.04.20"]
[Round "4.10"]
[White "Sizov, Lev"]
[Black "Shnurov, Daniil"]
[Result "0-1"]
[WhiteElo "1687"]
[BlackElo "1647"]
[PlyCount "82"]
[EventDate "2019.04.18"]
[EventType "swiss"]
[EventRounds "4"]
[EventCountry "EST"]

1. Nf3 Nf6 2. d4 e6 3. c4 c6 4. Nc3 d5 5. a3 Nbd7 6. Bg5 h6 7. Bh4 Be7 8. c5 b6
9. b4 a5 10. Rb1 O-O 11. e3 axb4 12. axb4 bxc5 13. bxc5 Ra3 14. Qc2 Qa5 15. Rc1
g5 16. Nxg5 hxg5 17. Bxg5 Re8 18. Bd3 Ne4 19. Bxe4 Bxg5 20. Bh7+ Kg7 21. h4 Bf6
22. g4 Qxc3+ 23. Qxc3 Rxc3 24. Rxc3 Kxh7 25. g5 Bd8 26. Kf1 e5 27. Ra3 exd4 28.
exd4 f6 29. Ra8 Be7 30. f4 f5 31. Ra1 Nf8 32. Re1 Ng6 33. h5 Ba6+ 34. Kg1 Nxf4
35. Rh4 Bxg5 36. Rxe8 Bxh4 37. Ra8 Bb5 38. Ra7+ Kh6 39. Rf7 Ne2+ 40. Kg2 Nxd4
41. Kh3 Bg5 0-1